Calculus of serveral variables / (Record no. 181228)
[ view plain ]
| 000 -LEADER | |
|---|---|
| fixed length control field | 00759 a2200193 4500 |
| 003 - CONTROL NUMBER IDENTIFIER | |
| control field | NUST |
| 005 - DATE AND TIME OF LATEST TRANSACTION | |
| control field | 20221117141650.0 |
| 010 ## - LIBRARY OF CONGRESS CONTROL NUMBER | |
| LC control number | 6811088 |
| 040 ## - CATALOGING SOURCE | |
| Transcribing agency | Nust |
| 082 ## - DEWEY DECIMAL CLASSIFICATION NUMBER | |
| Classification number | 515,MCL |
| 100 ## - MAIN ENTRY--PERSONAL NAME | |
| Personal name | Mclachlan, E.K. |
| 9 (RLIN) | 102909 |
| 245 ## - TITLE STATEMENT | |
| Title | Calculus of serveral variables / |
| Statement of responsibility, etc. | McLachlan, E. K. |
| 260 ## - PUBLICATION, DISTRIBUTION, ETC. | |
| Place of publication, distribution, etc. | California |
| Name of publisher, distributor, etc. | Brooks/Cole |
| Date of publication, distribution, etc. | 1968 |
| 300 ## - PHYSICAL DESCRIPTION | |
| Extent | 384 p.: |
| 505 ## - FORMATTED CONTENTS NOTE | |
| Formatted contents note | Preliminaries (Page-1), Topology on Euclidean (Page-39), Differential Calculus of Functions of Several Variables (Page-71), Applications of Differential Calculus (Page-139), Integral Calculus of Functions of Several Variables (Page-207), Differential and Integral Calculus of Vector Fields (Page-291). |
| 600 ## - SUBJECT ADDED ENTRY--PERSONAL NAME | |
| Personal name | Mclachlan |
| 9 (RLIN) | 102910 |
| 650 ## - SUBJECT ADDED ENTRY--TOPICAL TERM | |
| Topical term or geographic name entry element | Calculus |
| 942 ## - ADDED ENTRY ELEMENTS (KOHA) | |
| Source of classification or shelving scheme | |
| Koha item type | Book |
| Call number prefix | 515,MCL |
| Withdrawn status | Lost status | Source of classification or shelving scheme | Damaged status | Not for loan | Permanent Location | Current Location | Shelving location | Date acquired | Full call number | Barcode | Date last seen | Price effective from | Koha item type | Public note |
|---|---|---|---|---|---|---|---|---|---|---|---|---|---|---|
| Military College of Signals (MCS) | Military College of Signals (MCS) | General Stacks | 12/12/2016 | 515,MCL | MCS7278 | 12/08/2016 | 12/12/2016 | Book | Almirah No.82, Shelf No.4 | |||||
| Military College of Signals (MCS) | Military College of Signals (MCS) | General Stacks | 12/12/2016 | 515,MCL | MCS7279 | 12/08/2016 | 12/12/2016 | Book | Almirah No.13, Shelf No.1 |
